书目信息 |
| 题名: |
GPU高性能编程CUDA实战
|
|
| 作者: | 康洛特 , 桑德斯 著 ;聂雪军 译 | |
| 分册: | ||
| 出版信息: | 北京 机械工业出版社 2011.01 |
|
| 页数: | 201页 | |
| 开本: | 24cm | |
| 丛书名: | ||
| 单 册: | ||
| 中图分类: | TP391.41 | |
| 科图分类: | ||
| 主题词: | 图像处理--Tu Xiang Chu Li--程序设计 | |
| 电子资源: | ||
| ISBN: | 978-7-111-32679-3 | |
| 000 | 01095nam0 2200277 450 | |
| 001 | CAL 012011033315 | |
| 005 | 20110228092544.75 | |
| 010 | @a978-7-111-32679-3@dCNY39.00 | |
| 099 | @aCAL 012011033315 | |
| 100 | @a20110310d2011 em y0chiy50 ea | |
| 101 | 1 | @achi@ceng |
| 102 | @aCN@b110000 | |
| 105 | @aak z 000yy | |
| 200 | 1 | @aGPU高性能编程CUDA实战@AGpu Gao Xing Neng Bian Cheng Cuda Shi Zhan@d= CUDA by example@ean introduction to general-purpose GPU programming@f(美) Jason Sanders, Edward Kandrot著@g聂雪军等译@zeng |
| 210 | @a北京@c机械工业出版社@d2011.01 | |
| 215 | @a201页@c图@d24cm | |
| 314 | @a责任者Sanders规范汉译姓: 桑德斯 ; 编目员自译责任者Kandrot汉译姓: 康洛特 | |
| 500 | 10 | @aCUDA by example : an introduction to general-purpose GPU programming@mChinese |
| 606 | 0 | @a图像处理@ATu Xiang Chu Li@x程序设计 |
| 690 | @aTP391.41@v4 | |
| 701 | 1 | @a康洛特@AKang Luo Te@g(Kandrot, Edward)@4著 |
| 701 | 1 | @a桑德斯@ASang De Si@g(Sanders, Jason)@4著 |
| 702 | 0 | @a聂雪军@ANie Xuejun@4译 |
| 801 | 0 | @aCN@bNMU@c20110228 |
| 905 | @aZUCC@dTP391.41@eS0311@f3 | |
| 998 | @aNMU | |
| GPU高性能编程CUDA实战= CUDA by example:an introduction to general-purpose GPU programming/(美) Jason Sanders, Edward Kandrot著/聂雪军等译.-北京:机械工业出版社,2011.01 |
| 201页:图;24cm |
| ISBN 978-7-111-32679-3:CNY39.00 |
| ● |
| 相关链接 |
|
|
|
正题名:GPU高性能编程CUDA实战
索取号:TP391.41/S0311
 
预约/预借
| 序号 | 登录号 | 条形码 | 馆藏地/架位号 | 状态 | 备注 |
| 1 | 1183375 | 211833756 | 自科库301/301自科库 67排4列3层/ [索取号:TP391.41/S0311] | 在馆 | |
| 2 | 1183376 | 211833765 | 自科库301/301自科库 67排4列3层/ [索取号:TP391.41/S0311] | 在馆 | |
| 3 | 1183377 | 211833774 | 自科二线404/301自科库 64排6列2层/ [索取号:TP391.41/S0311] | 在馆 |